004730000a22001330004500090001700000245012500017041001400142700003600156700004200192100003500234942001300269773004000282999001700322 aASbSeriadas10aNueva especie de Atelopus A.M.C. Dumeril 'cia' Bibron 1841 () de la Cordillera Occidental, Colombia0 aEspañol1 aVélez, Claudia María9993881 aArdila Robayo, María Cristina943341 aRuiz Carranza, Pedro M.994187 cARTICULO1 tCaldasia345h86q113-118d1995g18 c14868d14868